Právna úprava iných reklamných prostriedkov a zariadení

Právny pohľad na na iné reklamné, informačné a propagačné prostriedky a zariadenia, než sú reklamné stavby podliehajúce povoleniu podľa zákona č. 50/1976 Zb. o územnom plánovaní a stavebnom poriadku (stavebný zákon). Sú to rôzne umiestnené plagáty, tabule, plachty na verejne viditeľných miestach, kt...

Description complète

Enregistré dans:
Détails bibliographiques
Auteur principal: Spišiaková, Helena
Format: Chapitre de livre
Langue:slovaque
Sujets:
Tags: Ajouter un tag
Pas de tags, Soyez le premier à ajouter un tag!

MARC

LEADER 00000naa a2200000 4500
001 0246869
005 20180809105608.5
041 0 |a slo 
044 |a SK 
245 1 0 |a Právna úprava iných reklamných prostriedkov a zariadení  |c Helena Spišiaková 
520 |a Právny pohľad na na iné reklamné, informačné a propagačné prostriedky a zariadenia, než sú reklamné stavby podliehajúce povoleniu podľa zákona č. 50/1976 Zb. o územnom plánovaní a stavebnom poriadku (stavebný zákon). Sú to rôzne umiestnené plagáty, tabule, plachty na verejne viditeľných miestach, ktoré spôsobujú problémy v praxi. S umiestňovaním tlačených prostriedkov súvisí aj vylepovanie plagátov v rámci predvolebných kampaní podľa zákona č. 181/2014 Z.z. Priestupky a predvolebná kampaň. Správne delikty a predvolebná kampaň. Iné reklamné prostriedky vo verejnom priestranstve. 
610 2 0 |a legislatíva 
610 2 0 |a prostriedky reklamné 
610 2 0 |a kampane volebné 
610 2 0 |a reklama 
610 2 0 |a priestupky 
100 1 |a Spišiaková, Helena